Trần Bạch Đằng một cây bút đa dạng /
Zapisane w:
| 1. autor: | |
|---|---|
| Format: | Artykuł |
| Język: | Vietnamese |
| Hasła przedmiotowe: | |
| Etykiety: |
Dodaj etykietę
Nie ma etykietki, Dołącz pierwszą etykiete!
|
| Thư viện lưu trữ: | Thư viện Trường Đại học Đà Lạt |
|---|
| LEADER | 00768nam a2200265 4500 | ||
|---|---|---|---|
| 001 | DLU090074018 | ||
| 005 | ##20090513 | ||
| 040 | # | # | |a DLU |b vie |
| 041 | # | # | |a vie |
| 044 | # | # | |a vn |
| 100 | # | # | |a Nguyễn Văn Nam. |
| 245 | # | # | |a Trần Bạch Đằng một cây bút đa dạng / |c Nguyễn Văn Nam. |
| 653 | # | # | |a Thơ ca cách mạng |
| 653 | # | # | |a Trần Bạch Đằng, 1926 - |
| 653 | # | # | |a Truyện trinh thám |
| 773 | # | # | |t Tạp chí văn học |g Số 3, 1987, tr.30-40 |
| 920 | # | # | |a Phòng Tạp chí -- Trung tâm Thông tin - Thư viện Trường Đại học Đà Lạt |
| 994 | # | # | |a DLU |
| 900 | # | # | |a True |
| 911 | # | # | |a Nguyễn Thị Linh Chi |
| 925 | # | # | |a G |
| 926 | # | # | |a A |
| 927 | # | # | |a BB |
| 980 | # | # | |a Thư viện Trường Đại học Đà Lạt |